FSA full handbook (Record no. 102874)

MARC details
000 -LEADER
fixed length control field 01158cam a2200229 4500
001 - CONTROL NUMBER
control field ##J122538
008 - FIXED-LENGTH DATA ELEMENTS--GENERAL INFORMATION
fixed length control field 030606n2006 000 0 eng u
035 ## - SYSTEM CONTROL NUMBER
System control number (Sirsi) u122538
041 0# - LANGUAGE CODE
Language code of text/sound track or separate title eng
050 04 - LIBRARY OF CONGRESS CALL NUMBER
Classification number 332.642 $2 18
110 2# - MAIN ENTRY--CORPORATE NAME
Corporate name or jurisdiction name as entry element Financial Services Authority
9 (RLIN) 4032
245 00 - TITLE STATEMENT
Title FSA full handbook
260 ## - PUBLICATION, DISTRIBUTION, ETC.
Place of publication, distribution, etc. London
Name of publisher, distributor, etc. FSA
Date of publication, distribution, etc. 2006
505 2# - FORMATTED CONTENTS NOTE
Formatted contents note Glossary -- High level standards -- Prudential standards -- Business standards -- Regulatory processes -- Redress -- Specialist sourcebooks -- Listing, prospectus and disclosure rules -- Handbook guides -- Regulatory guides
520 ## - SUMMARY, ETC.
Summary, etc. Sets out the Financial Services Authority's (FSA) legislative and other provisions made under powers given to it by the Financial Services and Markets Act 2000. Provides a consolidated version of the FSA's rule-making instruments.
650 24 - SUBJECT ADDED ENTRY--TOPICAL TERM
Topical term or geographic name entry element UNITED KINGDOM LISTING AUTHORITY LISTING RULES
650 24 - SUBJECT ADDED ENTRY--TOPICAL TERM
Topical term or geographic name entry element FINANCIAL SERVICES AND MARKETS ACT 2000
651 #4 - SUBJECT ADDED ENTRY--GEOGRAPHIC NAME
Geographic name United Kingdom
Chronological subdivision
690 ## - LOCAL SUBJECT ADDED ENTRY--TOPICAL TERM (OCLC, RLIN)
Topical term or geographic name as entry element PROPERTY-PROPERTY FINANCE AND INVESTMENT
856 40 - ELECTRONIC LOCATION AND ACCESS
Uniform Resource Identifier <a href="https://fsahandbook.info/FSA/html/handbook/">https://fsahandbook.info/FSA/html/handbook/</a>
Public note View the item free of charge at www.fsa.gov.uk...
942 ## - ADDED ENTRY ELEMENTS (KOHA)
Suppress in OPAC 0
Holdings
Withdrawn status Lost status Source of classification or shelving scheme Damaged status Not for loan Home library Current library Shelving location Date acquired Total Checkouts Full call number Barcode Date last seen Copy number Price effective from Koha item type
    Dewey Decimal Classification     Virtual Virtual Online 06/06/2003   ONLINE PUBLICATION 122538-1001 06/08/2019 1 06/08/2019 Book